000 00828nam a22002417a 4500
005 20170124110203.0
010 _aB-061291
020 _c250.00
_a8120318412
035 _aB-061291
037 _bCen Lib/Ret
040 _aDPL
_bEN
082 _a004.64
_bGHO
100 _aGhosh, Sumit
_936645
245 _aHardware description languages :
_cby Sumit Ghosh
_bconcepts and principles /
260 _aNew Delhi
_bPrintice-Hall of India
_c2000
270 _aM-97, Cannaught Circus
_bNew Delhi
_e110001
300 _axxii,329p. :
_c24cm (Hb)
_b1ll.
490 _aIEEE Press series on microelectronic systems
500 _aIncludes bibliographical references and index
650 _aComputer hardware description languages
_936646
650 _aComputer hardware
_936647
942 _2ddc
_cEN
_h004.64
_mGHO
999 _c133049
_d133049